[Event "Olympiad-44"]
[Site "Chennai"]
[Date "2022.08.08"]
[Round "10.4"]
[White "Rodgaard, John"]
[Black "Vella, Duncan"]
[Result "1/2-1/2"]
[WhiteElo "2324"]
[BlackElo "1985"]
[PlyCount "97"]
[EventDate "2022.07.29"]
[EventType "team-swiss"]
[EventRounds "11"]
[EventCountry "IND"]
[SourceTitle "CBM 210"]
[Source "ChessBase"]
[SourceDate "2022.10.31"]
[SourceVersion "1"]
[SourceVersionDate "2022.10.31"]
[SourceQuality "1"]
[WhiteTeam "Faroe Islands"]
[BlackTeam "Malta"]
[WhiteTeamCountry "FAI"]
[BlackTeamCountry "MLT"]

1. Nf3 c5 2. c4 Nc6 3. d4 cxd4 4. Nxd4 g6 5. e4 Nf6 6. Nc3 d6 7. Be2 Nxd4 8. Qxd4 Bg7 9. Be3 0-0 10. Qd2 a5 11. f3 a4 12. 0-0 Qa5 13. Rab1 Be6 14. Rfc1 Rfc8 15. Nb5 Qxd2 16. Bxd2 Nd7 17. Be3 Nc5 18. Nd4 Bd7 19. Kf1 Ne6 20. Nc2 Nc5 21. Nb4 a3 22. b3 Bb2 23. Rd1 Be6 24. Nd5 Bxd5 25. exd5 Na6 26. Bd2 Kf8 27. Be1 Nc5 28. Rd2 Ra6 29. Rc2 Nd7 30. Bd3 Raa8 31. Ke2 Ne5 32. f4 Nd7 33. b4 b5 34. cxb5 Nb6 35. Rxc8+ Rxc8 36. Be4 Rc4 37. Bf3 Rxf4 38. Rd1 Na4 39. Rd3 Rc4 40. Bd2 Bc3 41. b6 Bxd2 42. b7 Rxb4 43. Rb3 Rxb7 44. Rxb7 Bc1 45. Rb8+ Kg7 46. Kd3 Bb2 47. Bd1 Nc5+ 48. Kc4 Kf6 49. Re8 1/2-1/2

[Event "Olympiad-44"]
[Site "Chennai"]
[Date "2022.08.01"]
[Round "4.4"]
[White "Vella, Duncan"]
[Black "Prasad, Rudr"]
[Result "1/2-1/2"]
[WhiteElo "1985"]
[BlackElo "1566"]
[PlyCount "70"]
[EventDate "2022.07.29"]
[EventType "team-swiss"]
[EventRounds "11"]
[EventCountry "IND"]
[SourceTitle "CBM 210"]
[Source "ChessBase"]
[SourceDate "2022.10.31"]
[SourceVersion "1"]
[SourceVersionDate "2022.10.31"]
[SourceQuality "1"]
[WhiteTeam "Malta"]
[BlackTeam "Fiji"]
[WhiteTeamCountry "MLT"]
[BlackTeamCountry "FIJ"]

1. e4 c6 2. d4 d5 3. exd5 cxd5 4. Bd3 Nc6 5. c3 Qc7 6. Ne2 e6 7. Bf4 Bd6 8. Bxd6 Qxd6 9. 0-0 Nf6 10. f4 Ng4 11. Qe1 g6 12. Ng3 Bd7 13. Nd2 0-0-0 14. Nb3 h5 15. h3 Nh6 16. Nc5 Nf5 17. b4 h4 18. Ne2 Ne3 19. Rf3 Nc4 20. a4 b6 21. Nb3 Kb8 22. a5 b5 23. Nc5 Bc8 24. a6 Ka8 25. Bxc4 dxc4 26. Qb1 Nb8 27. Qa2 Qb6 28. Qa5 Rd6 29. Qxb6 Rxb6 30. Ra5 Nxa6 31. Nxa6 Bxa6 32. Rf1 Bb7 33. Rfa1 a6 34. Kf2 Kb8 35. Ng1 Kc7 1/2-1/2

[Event "Olympiad-44"]
[Site "Chennai"]
[Date "2022.07.29"]
[Round "1.3"]
[White "Vella, Duncan"]
[Black "Ivanisevic, Ivan"]
[Result "0-1"]
[WhiteElo "1985"]
[BlackElo "2561"]
[PlyCount "68"]
[EventDate "2022.07.29"]
[EventType "team-swiss"]
[EventRounds "11"]
[EventCountry "IND"]
[SourceTitle "CBM 210"]
[Source "ChessBase"]
[SourceDate "2022.10.31"]
[SourceVersion "1"]
[SourceVersionDate "2022.10.31"]
[SourceQuality "1"]
[WhiteTeam "Malta"]
[BlackTeam "Serbia"]
[WhiteTeamCountry "MLT"]
[BlackTeamCountry "SRB"]

1. e4 e5 2. Nf3 Nc6 3. d4 exd4 4. Nxd4 Bc5 5. Nb3 Bb6 6. Nc3 a5 7. a4 Nb4 8. Nd5 Nxd5 9. exd5 Qf6 10. Qe2+ Ne7 11. g3 d6 12. Bg2 Bg4 13. f3 Bd7 14. Be3 Bxe3 15. Qxe3 0-0 16. Qd2 Qxb2 17. 0-0 Qf6 18. Rfe1 b6 19. c4 Nf5 20. Qf2 Rfe8 21. Re4 Qc3 22. Qa2 Ne3 23. Nd2 f5 24. Rxe8+ Rxe8 25. Re1 Qc2 26. Qxc2 Nxc2 27. Rxe8+ Bxe8 28. Bh3 g6 29. g4 Bxa4 30. gxf5 Bd7 31. Ne4 Bxf5 32. Nf6+ Kf7 33. Bxf5 gxf5 34. Nxh7 a4 0-1

[Event "EU Small Countries ol 7th"]
[Site "Sliema"]
[Date "2021.12.02"]
[Round "7.2"]
[White "Hale, Andrew"]
[Black "Vella, Duncan"]
[Result "0-1"]
[WhiteElo "1892"]
[BlackElo "1981"]
[PlyCount "78"]
[EventDate "2021.11.28"]
[EventType "team-tourn"]
[EventRounds "9"]
[EventCountry "MLT"]
[SourceTitle "CBM 205 Extra"]
[Source "ChessBase"]
[SourceDate "2022.01.31"]
[SourceVersion "1"]
[SourceVersionDate "2022.01.31"]
[SourceQuality "1"]
[WhiteTeam "Guernsey"]
[BlackTeam "Malta"]
[WhiteTeamCountry "GCI"]
[BlackTeamCountry "MLT"]

1. e4 c5 2. c3 Nf6 3. e5 Nd5 4. d4 cxd4 5. Nf3 Nc6 6. cxd4 d6 7. Bc4 Nb6 8. Bb3 dxe5 9. d5 Na5 10. Nc3 f6 11. Be3 g6 12. Rc1 Bd7 13. Ne4 Nxb3 14. Qxb3 Ba4 15. Bxb6 Bxb3 16. Bxd8 Bxd5 17. Nxf6+ exf6 18. Bxf6 Bb4+ 19. Kf1 0-0 20. Bxe5 Bxa2 21. h4 Rac8 22. Rxc8 Rxc8 23. Kg1 Rc2 24. Bd4 Bd5 25. Kh2 Bd6+ 26. Be5 Bxe5+ 27. Nxe5 Rxf2 28. Rg1 Rxb2 29. Ng4 Kg7 30. Ne3 Bc6 31. Rc1 a5 32. Rc2 Rxc2 33. Nxc2 a4 34. Kg3 Kf6 35. Kf2 b5 36. Ke3 Bxg2 37. Nb4 Kf5 38. Kd4 Kg4 39. Kc5 Bf1 0-1

[Event "EU Small Countries ol 7th"]
[Site "Sliema"]
[Date "2021.12.01"]
[Round "6.5"]
[White "Ioannides Liu, Alice"]
[Black "Vella, Duncan"]
[Result "0-1"]
[WhiteElo "1302"]
[BlackElo "1981"]
[PlyCount "90"]
[EventDate "2021.11.28"]
[EventType "team-tourn"]
[EventRounds "9"]
[EventCountry "MLT"]
[SourceTitle "CBM 205 Extra"]
[Source "ChessBase"]
[SourceDate "2022.01.31"]
[SourceVersion "1"]
[SourceVersionDate "2022.01.31"]
[SourceQuality "1"]
[WhiteTeam "ESNA Women"]
[BlackTeam "Malta"]
[WhiteTeamCountry "NET"]
[BlackTeamCountry "MLT"]

1. e4 c5 2. c3 Nf6 3. e5 Nd5 4. d4 cxd4 5. cxd4 Nc6 6. Nf3 d6 7. exd6 e6 8. Be2 Bxd6 9. 0-0 0-0 10. Nc3 Bb8 11. Nxd5 Qxd5 12. Be3 b6 13. Nd2 Bb7 14. Bf3 Qd7 15. Rc1 Rd8 16. Nb3 Ne7 17. Bxb7 Qxb7 18. Qf3 Nd5 19. Qg4 f5 20. Qh4 Rf8 21. Bg5 Bd6 22. Rfe1 Rae8 23. Nd2 h6 24. Be3 f4 25. Nc4 Be7 26. Qg4 fxe3 27. Nxe3 Bb4 28. Red1 Rf4 29. Qe2 Ref8 30. a3 Bd6 31. b4 Rxf2 32. Qxf2 Rxf2 33. Kxf2 Qf7+ 34. Ke2 Nxe3 35. Kxe3 Bf4+ 36. Ke2 Bxc1 37. Rxc1 Qh5+ 38. Kd3 Qxh2 39. Re1 Qxg2 40. Rxe6 Qh3+ 41. Re3 Qf1+ 42. Re2 g5 43. Kd2 g4 44. d5 g3 45. a4 g2 0-1

[Event "EU Small Countries ol 7th"]
[Site "Sliema"]
[Date "2021.11.30"]
[Round "4.5"]
[White "Frick, Renato"]
[Black "Vella, Duncan"]
[Result "1-0"]
[WhiteElo "1944"]
[BlackElo "1981"]
[PlyCount "87"]
[EventDate "2021.11.28"]
[EventType "team-tourn"]
[EventRounds "9"]
[EventCountry "MLT"]
[SourceTitle "CBM 205 Extra"]
[Source "ChessBase"]
[SourceDate "2022.01.31"]
[SourceVersion "1"]
[SourceVersionDate "2022.01.31"]
[SourceQuality "1"]
[WhiteTeam "Liechtenstein"]
[BlackTeam "Malta"]
[WhiteTeamCountry "LIE"]
[BlackTeamCountry "MLT"]

1. e4 c5 2. Nf3 Nc6 3. d4 cxd4 4. Nxd4 g6 5. Nc3 Bg7 6. Be3 Nf6 7. f3 0-0 8. Qd2 d5 9. Nxc6 bxc6 10. exd5 Nxd5 11. Nxd5 cxd5 12. c3 e5 13. Rd1 Bb7 14. Qf2 Qa5 15. a3 Rfe8 16. Be2 d4 17. Bd2 d3 18. Bxd3 e4 19. fxe4 Bxe4 20. Be3 Bxd3 21. Rxd3 Qb5 22. Qd2 Bh6 23. 0-0 Rxe3 24. Rxe3 Qc5 25. Rff3 Re8 26. Kf2 f5 27. Qd4 Bxe3+ 28. Rxe3 Qxd4 29. cxd4 Rd8 30. Rd3 Kf7 31. Ke3 Re8+ 32. Kd2 Rb8 33. b4 Rd8 34. Kc3 Rc8+ 35. Kb3 Ke6 36. Rc3 Rd8 37. Kc4 f4 38. Kd3 Rd7 39. Ke4 Kf6 40. h4 Rd6 41. d5 Rd7 42. Rc6+ Ke7 43. Ke5 Ke8 44. Re6+ 1-0

[Event "EU Small Countries ol 7th"]
[Site "Sliema"]
[Date "2021.11.29"]
[Round "3.2"]
[White "Porras Mateo, Felipe"]
[Black "Vella, Duncan"]
[Result "1-0"]
[WhiteElo "2326"]
[BlackElo "1981"]
[PlyCount "65"]
[EventDate "2021.11.28"]
[EventType "team-tourn"]
[EventRounds "9"]
[EventCountry "MLT"]
[SourceTitle "CBM 205 Extra"]
[Source "ChessBase"]
[SourceDate "2022.01.31"]
[SourceVersion "1"]
[SourceVersionDate "2022.01.31"]
[SourceQuality "1"]
[WhiteTeam "Andorra"]
[BlackTeam "Malta"]
[WhiteTeamCountry "AND"]
[BlackTeamCountry "MLT"]

1. d4 Nf6 2. c4 c5 3. d5 b5 4. Qc2 b4 5. e4 d6 6. Nf3 g6 7. Bd3 Bg7 8. 0-0 0-0 9. Re1 a5 10. h3 a4 11. a3 Bd7 12. e5 Ne8 13. Bf4 dxe5 14. Nxe5 Nd6 15. Nd2 b3 16. Qc1 Bf5 17. Bf1 Bc2 18. Ndf3 Ra6 19. g4 f6 20. Nd3 Nd7 21. Bh6 Bxh6 22. Qxh6 Nf7 23. Qe3 Bxd3 24. Bxd3 Nfe5 25. Nd2 Rf7 26. f4 Nxd3 27. Qxd3 Nf8 28. Qf3 e6 29. Rad1 Rd7 30. Ne4 exd5 31. Nxc5 dxc4 32. Nxd7 Nxd7 33. Qd5+ 1-0

[Event "EU Small Countries ol 6th"]
[Site "San Marino"]
[Date "2019.03.27"]
[Round "5.2"]
[White "Klerides, Paris"]
[Black "Vella, Duncan"]
[Result "1-0"]
[WhiteElo "2138"]
[BlackElo "1993"]
[PlyCount "159"]
[EventDate "2019.03.24"]
[EventType "team-tourn"]
[EventRounds "9"]
[EventCountry "SMR"]
[SourceTitle "CBM 189 Extra"]
[Source "ChessBase"]
[SourceDate "2019.06.03"]
[SourceVersion "1"]
[SourceVersionDate "2019.06.03"]
[SourceQuality "1"]
[WhiteTeam "Cyprus"]
[BlackTeam "Malta"]
[WhiteTeamCountry "CYP"]
[BlackTeamCountry "MLT"]

1. e4 c5 2. Nf3 d6 3. d4 cxd4 4. Nxd4 Nf6 5. Nc3 g6 6. Be3 Bg7 7. f3 0-0 8. Qd2 Nc6 9. Bc4 Bd7 10. 0-0-0 Rc8 11. Bb3 Ne5 12. h4 h5 13. Bg5 Rc5 14. Kb1 b5 15. g4 hxg4 16. h5 Nxh5 17. Nd5 Rxd5 18. Bxd5 gxf3 19. Rdg1 Nc4 20. Bxc4 bxc4 21. Rxh5 c3 22. Qxc3 gxh5 23. Bh6 Kh7 24. Bxg7 f2 25. Rh1 f1Q+ 26. Rxf1 Rg8 27. Rxf7 Qe8 28. Qf3 Rxg7 29. Qxh5+ Kg8 30. Rxg7+ Kxg7 31. Nf5+ Kf6 32. Qh4+ Ke5 33. Nxe7 Qf7 34. b3 Qf3 35. Ng6+ Kd4 36. e5+ Ke3 37. Qe1+ Kd4 38. exd6 Kc5 39. Qa5+ Kxd6 40. Qb4+ Kc7 41. Qc5+ Kb7 42. Ne5 Qf1+ 43. Kb2 Qf6 44. Qd5+ Kb8 45. Qd4 Ka8 46. Qd5+ Kb8 47. Qc5 Be8 48. a4 Kb7 49. Qb4+ Kc7 50. Qc3+ Kb7 51. Qf3+ Qxf3 52. Nxf3 Kb6 53. Kc3 Kc5 54. b4+ Kd5 55. b5 Kc5 56. Nd4 a6 57. bxa6 Kb6 58. a7 Kxa7 59. Kb4 Ka6 60. a5 Bf7 61. Nb3 Bd5 62. Nc5+ Ka7 63. Kb5 Bf3 64. Ne6 Be2+ 65. c4 Bf1 66. Nd4 Bg2 67. a6 Bf1 68. Nc6+ Ka8 69. Kb6 Bxc4 70. a7 Bd5 71. Nb4 Bc4 72. Nc2 Bd3 73. Ne3 Bc4 74. Nf5 Bd5 75. Nd6 Bc6 76. Nc8 Bb7 77. Ne7 Bc6 78. Nf5 Be4 79. Nd4 Bc6 80. Ne6 1-0

[Event "EU Small Countries ol 6th"]
[Site "San Marino"]
[Date "2019.03.26"]
[Round "4.4"]
[White "Berardi, Giancarlo"]
[Black "Vella, Duncan"]
[Result "1/2-1/2"]
[WhiteElo "1762"]
[BlackElo "1993"]
[PlyCount "127"]
[EventDate "2019.03.24"]
[EventType "team-tourn"]
[EventRounds "9"]
[EventCountry "SMR"]
[SourceTitle "CBM 189 Extra"]
[Source "ChessBase"]
[SourceDate "2019.06.03"]
[SourceVersion "1"]
[SourceVersionDate "2019.06.03"]
[SourceQuality "1"]
[WhiteTeam "San Marino"]
[BlackTeam "Malta"]
[WhiteTeamCountry "SMR"]
[BlackTeamCountry "MLT"]

1. c4 e5 2. g3 Nc6 3. Bg2 g6 4. Nc3 Bg7 5. Nf3 d6 6. 0-0 f5 7. d3 Nf6 8. a3 a5 9. Rb1 0-0 10. Bg5 h6 11. Bd2 Be6 12. b3 g5 13. Qc2 f4 14. Ne4 g4 15. Nh4 Nh5 16. Bc3 Ne7 17. Rbd1 Rf7 18. d4 exd4 19. Bxd4 Bxd4 20. Rxd4 Nc6 21. Rd2 Ne5 22. Nc5 Bc8 23. Bd5 Qe7 24. Bxf7+ Qxf7 25. Nd3 Nxd3 26. Qxd3 Kg7 27. Qd4+ Kg8 28. Qe4 Kg7 29. Rd5 Nf6 30. Qd4 Kf8 31. Rb5 b6 32. Qxf4 h5 33. Qh6+ Qg7 34. Ng6+ Kf7 35. Qxg7+ Kxg7 36. Nf4 Ne4 37. Nxh5+ Kh6 38. Nf4 Bb7 39. Rh5+ Kg7 40. Rd1 Re8 41. e3 Nc3 42. Rd3 Ne4 43. Nd5 Rf8 44. Nf4 Re8 45. Rh4 Nf6 46. Nh5+ Nxh5 47. Rxh5 Kg6 48. Rh4 Bf3 49. Rd4 Kg5 50. Kf1 Rd8 51. Rh7 a4 52. b4 c5 53. Rd2 cxb4 54. axb4 Rc8 55. Ra2 Rxc4 56. Ke1 Rxb4 57. Kd2 b5 58. Rd7 Rb1 59. Kc3 Rb3+ 60. Kd4 Rb4+ 61. Kc3 Rb3+ 62. Kd2 Rb1 63. Kd3 Rb3+ 64. Kd4 1/2-1/2

[Event "EU Small Countries ol 6th"]
[Site "San Marino"]
[Date "2019.03.25"]
[Round "3.3"]
[White "Vella, Duncan"]
[Black "Van Hoolandt, Patrick"]
[Result "0-1"]
[WhiteElo "1993"]
[BlackElo "2061"]
[PlyCount "112"]
[EventDate "2019.03.24"]
[EventType "team-tourn"]
[EventRounds "9"]
[EventCountry "SMR"]
[SourceTitle "CBM 189 Extra"]
[Source "ChessBase"]
[SourceDate "2019.06.03"]
[SourceVersion "1"]
[SourceVersionDate "2019.06.03"]
[SourceQuality "1"]
[WhiteTeam "Malta"]
[BlackTeam "Monaco"]
[WhiteTeamCountry "MLT"]
[BlackTeamCountry "MNC"]

1. e4 e5 2. Nf3 Nc6 3. Bb5 Nf6 4. 0-0 Nxe4 5. Re1 Nd6 6. Nxe5 Be7 7. Bd3 Nxe5 8. Rxe5 0-0 9. Nc3 c6 10. b3 Ne8 11. Qe2 Bf6 12. Re3 d5 13. Ba3 d4 14. Bxf8 dxe3 15. Bc5 exd2 16. Qxd2 Bf5 17. Rd1 b6 18. Be3 Bxd3 19. cxd3 Nc7 20. Ne4 Bd4 21. Bg5 Qd5 22. Bf4 Ne6 23. Bg3 Rd8 24. Qe2 h6 25. Kh1 f5 26. Nd2 f4 27. Re1 fxg3 28. Qxe6+ Qxe6 29. Rxe6 gxf2 30. Rxc6 Be3 31. Nf1 Rxd3 32. g3 Bc5 33. Kg2 a5 34. Re6 Kf7 35. Re2 Rd1 36. Re4 g5 37. h4 Re1 38. Rg4 Kg6 39. hxg5 hxg5 40. Rc4 Re2 41. a4 Rb2 42. Rc3 g4 43. Rd3 Rb1 44. Rc3 Kf5 45. Rd3 Ke5 46. Rc3 Re1 47. Rc4 Kf5 48. Rf4+ Kg5 49. Rc4 Rb1 50. Rc3 Kf5 51. Rd3 Ke5 52. Rc3 Kd5 53. Rc4 Rxb3 54. Rxg4 Rb4 55. Rg5+ Ke6 56. Rg6+ Ke5 0-1

[Event "EU Small Countries ol 5th"]
[Site "Andorra"]
[Date "2017.11.15"]
[Round "6.1"]
[White "Righi, Ezio"]
[Black "Vella, Duncan"]
[Result "1/2-1/2"]
[WhiteElo "2039"]
[BlackElo "1989"]
[PlyCount "34"]
[EventDate "2017.11.12"]
[EventType "team-tourn"]
[EventRounds "9"]
[EventCountry "AND"]
[SourceTitle "CBM 181 Extra"]
[Source "ChessBase"]
[SourceDate "2017.12.12"]
[SourceVersion "1"]
[SourceVersionDate "2017.12.12"]
[SourceQuality "1"]
[WhiteTeam "San Marino"]
[BlackTeam "Malta"]
[WhiteTeamCountry "SMR"]
[BlackTeamCountry "MLT"]

1. e4 c5 2. Nf3 d6 3. d4 cxd4 4. Nxd4 Nf6 5. Nc3 g6 6. Be3 Bg7 7. f3 0-0 8. Qd2 Nc6 9. 0-0-0 d5 10. exd5 Nxd5 11. Nxc6 bxc6 12. Bd4 Bxd4 13. Qxd4 Qb6 14. Nxd5 cxd5 15. Qxb6 axb6 16. a3 Rd8 17. Bd3 Ba6 1/2-1/2

[Event "Olympiad-42"]
[Site "Baku"]
[Date "2016.09.08"]
[Round "6.4"]
[White "Vella, Duncan"]
[Black "Su, Haifeng"]
[Result "1/2-1/2"]
[WhiteElo "2017"]
[BlackElo "1800"]
[PlyCount "107"]
[EventDate "2016.09.02"]
[EventType "team-swiss"]
[EventRounds "11"]
[EventCountry "AZE"]
[SourceTitle "CBM 175"]
[Source "ChessBase"]
[SourceDate "2016.11.10"]
[SourceVersion "1"]
[SourceVersionDate "2016.11.10"]
[SourceQuality "1"]
[WhiteTeam "Malta"]
[BlackTeam "Guyana"]
[WhiteTeamCountry "MLT"]
[BlackTeamCountry "GUY"]

1. e4 c5 2. Nf3 e6 3. g3 Nc6 4. Bg2 d6 5. 0-0 Nf6 6. Qe2 Qc7 7. c3 e5 8. d3 Be7 9. Na3 a6 10. Nc4 0-0 11. h3 b5 12. Ne3 Bd8 13. Nh4 Be6 14. f4 exf4 15. gxf4 Ne8 16. Nhf5 Ra7 17. Kh1 Kh8 18. Rg1 Qd7 19. Nxg7 Nxg7 20. f5 Ne5 21. fxe6 fxe6 22. Bd2 Qe8 23. Raf1 Raf7 24. d4 Ng6 25. Ng4 Nh5 26. Kh2 Nhf4 27. Bxf4 Nxf4 28. Qc2 h5 29. Ne3 c4 30. Qd1 Rg7 31. Bf3 Rfg8 32. Rxg7 Rxg7 33. d5 e5 34. Nf5 Rd7 35. Rg1 Bf6 36. Nh6 Rg7 37. Rxg7 Bxg7 38. Nf5 Bf8 39. Qg1 Qf7 40. Qg5 a5 41. Nxd6 Bxd6 42. Qh6+ Kg8 43. Qxd6 Qa7 44. Qd8+ Kh7 45. Qh4 Qe3 46. Qe7+ Kg6 47. Qe8+ Kh6 48. Qh8+ Kg6 49. Qe8+ Kh6 50. Qf8+ Kg6 51. Qf5+ Kh6 52. Qf8+ Kh7 53. Qe7+ Kg6 54. Qe8+ 1/2-1/2

[Event "Olympiad-41"]
[Site "Tromsoe"]
[Date "2014.08.12"]
[Round "10.4"]
[White "Vazquez Maccarini, Danitza"]
[Black "Vella, Duncan"]
[Result "0-1"]
[WhiteElo "1965"]
[BlackElo "1979"]
[PlyCount "70"]
[EventDate "2014.08.02"]
[EventType "team-swiss"]
[EventRounds "11"]
[EventCountry "NOR"]
[SourceTitle "CBM 162"]
[Source "ChessBase"]
[SourceDate "2014.09.17"]
[SourceVersion "1"]
[SourceVersionDate "2014.09.17"]
[SourceQuality "1"]
[WhiteTeam "Puerto Rico"]
[BlackTeam "Malta"]
[WhiteTeamCountry "PUR"]
[BlackTeamCountry "MLT"]

1. e4 c5 2. Nf3 d6 3. d4 cxd4 4. Nxd4 Nf6 5. Nc3 g6 6. Be3 Bg7 7. f3 a6 8. Qd2 Nbd7 9. g4 b5 10. g5 Nh5 11. f4 Bb7 12. Bg2 e5 13. Nde2 exf4 14. Nxf4 Nxf4 15. Bxf4 Ne5 16. Bxe5 Bxe5 17. 0-0-0 0-0 18. Nd5 Bxd5 19. exd5 f6 20. Kb1 fxg5 21. Bh3 Rf4 22. Be6+ Kg7 23. Qe3 Qc7 24. Rhf1 Raf8 25. Rxf4 Rxf4 26. a3 Rc4 27. Qf2 Bf4 28. Rd4 Qc5 29. c3 Rxd4 30. cxd4 Qc1+ 31. Ka2 Qe3 32. Qc2 Qxd4 33. Qc7+ Kh6 34. Qd8 Be5 35. Qf8+ Bg7 0-1

[Event "Olympiad-41"]
[Site "Tromsoe"]
[Date "2014.08.11"]
[Round "9.4"]
[White "Vella, Duncan"]
[Black "Sarwary, Hamidullah"]
[Result "1-0"]
[WhiteElo "1979"]
[BlackElo "1920"]
[PlyCount "95"]
[EventDate "2014.08.02"]
[EventType "team-swiss"]
[EventRounds "11"]
[EventCountry "NOR"]
[SourceTitle "CBM 162"]
[Source "ChessBase"]
[SourceDate "2014.09.17"]
[SourceVersion "1"]
[SourceVersionDate "2014.09.17"]
[SourceQuality "1"]
[WhiteTeam "Malta"]
[BlackTeam "Afghanistan"]
[WhiteTeamCountry "MLT"]
[BlackTeamCountry "AFG"]

1. e4 e5 2. Nf3 Nc6 3. Bb5 d6 4. d4 exd4 5. Qxd4 Bd7 6. Bxc6 Bxc6 7. Nc3 Qf6 8. Qd3 Qg6 9. Bf4 Nf6 10. 0-0-0 0-0-0 11. Ne5 Qh5 12. Nxc6 bxc6 13. Qa6+ Kd7 14. e5 Qf5 15. Bg3 Ne8 16. exd6 Nxd6 17. Rhe1 Be7 18. Ne4 Qb5 19. Qa3 Kc8 20. Qxa7 Qb7 21. Nxd6+ Bxd6 22. Qxb7+ Kxb7 23. Bxd6 cxd6 24. Re7+ Kb6 25. Rxf7 g6 26. Re1 Rdf8 27. Ree7 Rxf7 28. Rxf7 Kc5 29. Kd2 h5 30. Rg7 Rf8 31. Rxg6 Rxf2+ 32. Kc3 h4 33. Rh6 Rf4 34. b3 Rg4 35. a3 Kb6 36. Rxd6 Rxg2 37. Rd2 Rg4 38. Rd4 Rxd4 39. Kxd4 h3 40. a4 Kc7 41. Kc5 Kb7 42. a5 Ka6 43. Kxc6 Kxa5 44. c4 Kb4 45. Kd5 Kxb3 46. c5 Kc3 47. c6 Kd3 48. c7 1-0

[Event "Olympiad-41"]
[Site "Tromsoe"]
[Date "2014.08.05"]
[Round "4.4"]
[White "Bassel, Charaf"]
[Black "Vella, Duncan"]
[Result "1-0"]
[WhiteElo "2160"]
[BlackElo "1979"]
[PlyCount "65"]
[EventDate "2014.08.02"]
[EventType "team-swiss"]
[EventRounds "11"]
[EventCountry "NOR"]
[SourceTitle "CBM 162"]
[Source "ChessBase"]
[SourceDate "2014.09.17"]
[SourceVersion "1"]
[SourceVersionDate "2014.09.17"]
[SourceQuality "1"]
[WhiteTeam "Lebanon"]
[BlackTeam "Malta"]
[WhiteTeamCountry "LBN"]
[BlackTeamCountry "MLT"]

1. Nf3 d5 2. g3 c6 3. Bg2 Nf6 4. 0-0 Bf5 5. d3 h6 6. c4 e6 7. Qb3 Qb6 8. Be3 dxc4 9. Qxc4 Qc7 10. Nd4 Bg4 11. h3 Bh5 12. Nc3 Bd6 13. Ncb5 Qd7 14. Nxd6+ Qxd6 15. g4 Bg6 16. b4 Nd5 17. b5 0-0 18. bxc6 bxc6 19. Bd2 a6 20. Rac1 Rc8 21. f4 Nxf4 22. Rxf4 e5 23. Nf5 Qd7 24. Re4 Bxf5 25. gxf5 Qxf5 26. Rf1 Qh5 27. Rh4 Qg6 28. Rg4 Qh5 29. Rf6 g5 30. h4 Nd7 31. hxg5 Nxf6 32. gxf6+ Kh8 33. Bxh6 1-0

[Event "Olympiad-39"]
[Site "Khanty-Mansiysk"]
[Date "2010.09.30"]
[Round "9.4"]
[White "Tromp, Rigoberto"]
[Black "Vella, Duncan"]
[Result "1/2-1/2"]
[WhiteElo "1992"]
[BlackElo "2041"]
[PlyCount "40"]
[EventDate "2010.09.21"]
[EventType "team-swiss"]
[EventRounds "11"]
[EventCountry "RUS"]
[SourceTitle "CBM 139"]
[Source "ChessBase"]
[SourceDate "2010.11.18"]
[SourceVersion "1"]
[SourceVersionDate "2010.11.18"]
[SourceQuality "1"]
[WhiteTeam "Aruba"]
[BlackTeam "Malta"]
[WhiteTeamCountry "ARN"]
[BlackTeamCountry "MLT"]

1. d4 d5 2. Nf3 Nf6 3. c4 c6 4. e3 Bf5 5. Nc3 e6 6. Be2 Nbd7 7. 0-0 Bd6 8. h3 0-0 9. c5 Bc7 10. b4 e5 11. dxe5 Nxe5 12. Nd4 Bd7 13. Qc2 Qe7 14. Bb2 Rfe8 15. Rfe1 h6 16. Rad1 b6 17. Nb1 bxc5 18. bxc5 Ne4 19. Rc1 Ba5 20. Rf1 Rab8 1/2-1/2

[Event "Olympiad-39"]
[Site "Khanty-Mansiysk"]
[Date "2010.09.23"]
[Round "3.4"]
[White "Vella, Duncan"]
[Black "Chogdov, Munkhbat"]
[Result "0-1"]
[WhiteElo "2041"]
[BlackElo "2236"]
[PlyCount "50"]
[EventDate "2010.09.21"]
[EventType "team-swiss"]
[EventRounds "11"]
[EventCountry "RUS"]
[SourceTitle "CBM 139"]
[Source "ChessBase"]
[SourceDate "2010.11.18"]
[SourceVersion "1"]
[SourceVersionDate "2010.11.18"]
[SourceQuality "1"]
[WhiteTeam "Malta"]
[BlackTeam "Korea"]
[WhiteTeamCountry "MLT"]
[BlackTeamCountry "KOR"]

1. e4 e6 2. d4 d5 3. Nd2 Nf6 4. e5 Nfd7 5. Bd3 c5 6. c3 Nc6 7. Ne2 Qb6 8. Nf3 Be7 9. 0-0 f6 10. exf6 Nxf6 11. Re1 0-0 12. Nf4 cxd4 13. cxd4 Bd6 14. Nxe6 Re8 15. Neg5 Bg4 16. h3 Bd7 17. Rxe8+ Rxe8 18. Nxh7 Nxh7 19. Bxh7+ Kxh7 20. Ng5+ Kg6 21. g4 Qxd4 22. Qc2+ Kf6 23. Bd2 Re2 24. Nh7+ Kf7 25. Ng5+ Ke7 0-1

[Event "Olympiad-36"]
[Site "Mallorca"]
[Date "2004.10.29"]
[Round "14"]
[White "Vella, Duncan"]
[Black "Said, Mahmoud"]
[Result "1-0"]
[WhiteElo "2167"]
[BlackElo "2021"]
[PlyCount "73"]
[EventDate "2004.10.15"]
[EventType "team-swiss"]
[EventRounds "14"]
[EventCountry "ESP"]
[SourceTitle "CBM 104"]
[Source "ChessBase"]
[SourceDate "2005.01.27"]
[SourceVersion "1"]
[SourceVersionDate "2005.01.27"]
[SourceQuality "1"]
[WhiteTeam "Malta"]
[BlackTeam "Palestine"]
[WhiteTeamCountry "MLT"]
[BlackTeamCountry "PLE"]

1. e4 g6 2. d4 Bg7 3. Nc3 d6 4. Be3 Nd7 5. Qd2 h6 6. f3 a6 7. a4 e6 8. h4 e5 9. Nge2 f6 10. Ng3 Ne7 11. 0-0-0 b6 12. Be2 Nf8 13. dxe5 fxe5 14. Rhf1 Ne6 15. Bc4 Bd7 16. f4 b5 17. Bb3 Nd4 18. Bxd4 exd4 19. Nd5 Nxd5 20. Bxd5 c6 21. Bb3 bxa4 22. Bxa4 0-0 23. h5 c5 24. Bb3+ Kh7 25. hxg6+ Kxg6 26. e5 Bb5 27. c4 Bd7 28. Qd3+ Kf7 29. Bc2 Rh8 30. Qg6+ Kf8 31. Rde1 Be8 32. Qf5+ Kg8 33. Be4 Ra7 34. Bd5+ Bf7 35. e6 Qf6 36. exf7+ Rxf7 37. Re8+ 1-0

[Event "Olympiad-36"]
[Site "Mallorca"]
[Date "2004.10.25"]
[Round "10"]
[White "Vella, Duncan"]
[Black "Nakapunda, Otto"]
[Result "1/2-1/2"]
[WhiteElo "2167"]
[BlackElo "2129"]
[PlyCount "41"]
[EventDate "2004.10.15"]
[EventType "team-swiss"]
[EventRounds "14"]
[EventCountry "ESP"]
[SourceTitle "CBM 104"]
[Source "ChessBase"]
[SourceDate "2005.01.27"]
[SourceVersion "1"]
[SourceVersionDate "2005.01.27"]
[SourceQuality "1"]
[WhiteTeam "Malta"]
[BlackTeam "Namibia"]
[WhiteTeamCountry "MLT"]
[BlackTeamCountry "NAM"]

1. e4 c6 2. d4 d5 3. Nc3 dxe4 4. Nxe4 Nd7 5. Nf3 Ngf6 6. Ng3 e6 7. Bd3 Bd6 8. 0-0 0-0 9. Qe2 Qc7 10. Re1 c5 11. dxc5 Nxc5 12. Bc4 a6 13. a4 Bd7 14. a5 Bc6 15. Nd4 Bd5 16. Bxd5 Nxd5 17. Bd2 Nf6 18. Bc3 Nd5 19. Bd2 Nf6 20. Bc3 Nd5 21. Bd2 1/2-1/2